00631nam a2200169Ia 4500008004100000100005100041245012100092245005100213260001300264260000900277300003000286440004400316650001200360650002900372650002700401650003300428190412s9999 xx 000 0 und d aYong Chen, Gregory W. Eaton, & Bradley S. Paye aMicro(structure) before macro? The predictive power of aggregate liquidity for stock returns and economic activity / cYong Chen, Gregory W. Eaton, & Bradley S. Paye belsevier c2018 apages 48-73, October 2018 aJournal of Financial Economicsv130 (1) aFINANCE aMacroeconomic Forecasts  aStock Market Liquidity aStock Return Predictibility